| 000 | 00807aam a2200301 4500 | ||
|---|---|---|---|
| 005 | 20240812164959.0 | ||
| 008 | 150810b2010 mx oad|| |||| 001 0 spa d | ||
| 020 | _a9789682467967 | ||
| 041 | _aESP | ||
| 082 | _a597.96 L864s | ||
| 100 | _aLópez Torres, Marcos | ||
| 245 | _aSerpientes y arácnidos venenosos: daños, síntomas, métodos preventivos y tratamiento | ||
| 260 | _aMéxico | ||
| 260 | _bTrillas | ||
| 260 | _c2010 | ||
| 300 | _a77 páginas | ||
| 505 | _aIncluye fotografías a blanco y negro | ||
| 650 | _aANIMALES VENENOSOS | ||
| 650 | _aSERPIENTES | ||
| 650 | _aARÁCNIDOS | ||
| 650 | _aREPTILES | ||
| 650 | _aANIMALES PONZOÑOSOS | ||
| 650 | _aEFECTOS FISIOLÓGICOS | ||
| 650 | _aSÍNTOMAS CLÍNICOS | ||
| 650 | _aFABOTERÁPICOS | ||
| 942 |
_cBK _2ddc |
||
| 999 |
_c7550 _d7550 |
||